ბათუმის შოთა რუსთაველის სახელმწიფო უნივერსიტეტის ბიბლიოთეკა

ხაიასა:სომხური თუ ქართველური სამყარო (ბიბ.ჩანაწერი № 46281)

000 -LEADER
fixed length control field 00764nam a2200229Ia 4500
001 - CONTROL NUMBER
control field 13115
003 - CONTROL NUMBER IDENTIFIER
control field GE_BSU
008 - FIXED-LENGTH DATA ELEMENTS--GENERAL INFORMATION
fixed length control field 181216s||||||||xx |||||||||||||| ||und||
020 ## - INTERNATIONAL STANDARD BOOK NUMBER
International Standard Book Number 9789941434754
040 ## - CATALOGING SOURCE
Transcribing agency GE_BSU
080 ## - UNIVERSAL DECIMAL CLASSIFICATION NUMBER
Universal Decimal Classification number 94(479.223)
100 ## - MAIN ENTRY--PERSONAL NAME
Personal name გოგიტიძე, სიმონ
245 ## - TITLE STATEMENT
Title ხაიასა:სომხური თუ ქართველური სამყარო
245 ## - TITLE STATEMENT
Statement of responsibility, etc. რედ.გ.მარხულია
260 ## - PUBLICATION, DISTRIBUTION, ETC.
Place of publication, distribution, etc. ბათუმი
260 ## - PUBLICATION, DISTRIBUTION, ETC.
Name of publisher, distributor, etc. ბათუმის უნ-ტი
260 ## - PUBLICATION, DISTRIBUTION, ETC.
Date of publication, distribution, etc. 2014
300 ## - PHYSICAL DESCRIPTION
Extent 317გვ.21სმ.
653 ## - INDEX TERM--UNCONTROLLED
Uncontrolled term ხაიასა:სომხური თუ ქართველური სამყარო
942 ## - ADDED ENTRY ELEMENTS (KOHA)
Koha item type წიგნი
ეგზემპლარები
Withdrawn status Lost status Damaged status Not for loan Date acquired Barcode Date last seen Price effective from Koha item type
        2018-12-17 27233 2018-12-17 2018-12-17 წიგნი
        2018-12-17 27234 2018-12-17 2018-12-17 წიგნი
        2018-12-17 27235 2018-12-17 2018-12-17 წიგნი
        2018-12-17 27236 2018-12-17 2018-12-17 წიგნი
        2018-12-17 27237 2018-12-17 2018-12-17 წიგნი